Complex analytic singularities
Saved in:
| Other Authors: | , |
|---|---|
| Format: | Book |
| Language: | English |
| Published: |
Tokyo, Japan ; New York, N.Y. North-Holland :
Kinokuniya Co. : Sole distributors for the U.S.A. and Canada, Elsevier Science Pub. Co.,
c1987.
|
| Series: | Advanced studies in pure mathematics ;
8 |
| Subjects: | |
| Tags: |
Add Tag
No Tags, Be the first to tag this record!
|
MARC
| LEADER | 00000cam a2200000 i 4500 | ||
|---|---|---|---|
| 001 | 1/33128 | ||
| 008 | 941103s1987####ja | ||| |||| ||eng|| | ||
| 020 | |a 0444702008 | ||
| 035 | |l 10039285 | ||
| 040 | |a GR-MyUA |b gre |e AACR2 | ||
| 041 | 0 | |a eng | |
| 082 | 0 | |a 515.94 |2 (19) | |
| 245 | 1 | 0 | |a Complex analytic singularities / |c edited by T. Suwa, P. Wagreich. |
| 260 | |a Tokyo, Japan ; |a New York, N.Y. North-Holland : |b Kinokuniya Co. : |b Sole distributors for the U.S.A. and Canada, Elsevier Science Pub. Co., |c c1987. | ||
| 300 | |a ii, 697 σ. ; |c 24 εκ. | ||
| 490 | 1 | |a (Advanced studies in pure mathematics |v ; 8) | |
| 504 | |a Περιέχει βιβλιογραφικές αναφορές. | ||
| 650 | 0 | 0 | |a Functions of several complex variables |x Congresses. |
| 650 | 0 | 0 | |a Singularities (Mathematics) |x Congresses. |
| 700 | 1 | |a Suwa, T. |q (Tatsuo), |d 1942- |e edt | |
| 700 | 1 | |a Wagreich, P. |q (Philip), |d 1941- |e edt | |
| 830 | 0 | |a Advanced studies in pure mathematics ; |v 8 | |
| 852 | |a INST |b SAMOS |e 19941103 |h 515.94 COM |p 005300007897 |q 005300007897 |t BK |y 0 | ||
| 909 | |a Σ |b 030231 | ||